| 000 | 00783nam a2200229Ia 4500 | ||
|---|---|---|---|
| 003 | GCL | ||
| 008 | 140319s9999 xx 000 0 ara d | ||
| 020 | _a2008099906 | ||
| 040 |
_aGCL / _cGCL |
||
| 082 | 0 | 4 |
_aد _b050 |
| 100 | 1 | _aعبدالمحسن صالح | |
| 245 | 1 | 0 |
_aالانسان الحائر بين العلم والخرافة (عالم المعرفة 15،235) / _cعبدالمحسن صالح |
| 250 | _aالثانية | ||
| 260 |
_aالكويت : _bالمجلس الوطنى للثقافة والفنون والاداب ، _c1979 |
||
| 300 |
_a287 ص ؛ _c16 سم |
||
| 490 |
_aعالم المعرفة _v0 |
||
| 650 | 0 | 4 | _aالتنجيم |
| 650 | 0 | 4 | _aالعلاج الروحى |
| 650 | 0 | 4 | _aالخرافات |
| 650 | 0 | 4 | _aالروحانيات |
| 942 |
_2ddc _cBK |
||
| 999 |
_c50262 _d50262 |
||